| 000 | 00460nam a22001697a 4500 | ||
|---|---|---|---|
| 003 | BD-ChCU | ||
| 005 | 20260114143852.0 | ||
| 008 | 260114b bg ||||| |||| 00| 0 ben d | ||
| 040 | _cBD-ChCU | ||
| 082 | _a510.01 SUA | ||
| 100 |
_aSuppes , Patrick . _919247 |
||
| 245 |
_aAxiomatic set theory ./ _cPatrick , Suppes . |
||
| 260 |
_aNew Delhi : _bEast - west press , _cC 1960 |
||
| 300 | _axii , 265p | ||
| 650 | 0 |
_aMathematics . _919248 |
|
| 942 |
_2ddc _cBK _n0 |
||
| 999 |
_c111045 _d111045 |
||